Logo CIB grande

ESTRATEGIA HOY Y PARA SIEMPRE (Registro nro. 233117)

Detalles MARC
000 -LEADER
campo de control de longitud fija 00587nam a2200229Ia 4500
005 - FECHA Y HORA DE LA ÚLTIMA TRANSACCIÓN
campo de control 20250425162626.0
008 - DATOS DE LONGITUD FIJA--INFORMACIÓN GENERAL
campo de control de longitud fija 250425s9999 xx 000 0 und d
020 ## - NÚMERO INTERNACIONAL ESTÁNDAR DEL LIBRO
Número Internacional Estándar del Libro 9789561320260
041 ## - CÓDIGO DE IDIOMA
Código de lengua del texto/banda sonora o título independiente eng
043 ## - CÓDIGO DE ÁREA GEOGRÁFICA
Código de área geográfica cl
082 ## - NÚMERO DE LA CLASIFICACIÓN DECIMAL DEWEY
Número de clasificación 355.43
010 ## - NÚMERO DE CONTROL DE LA BIBLIOTECA DEL CONGRESO
Número de control de LC 90915
100 ## - ENTRADA PRINCIPAL--NOMBRE DE PERSONA
Nombre de persona ECHECOPAR, GERMAN
245 #0 - MENCIÓN DEL TÍTULO
Título ESTRATEGIA HOY Y PARA SIEMPRE
250 ## - MENCION DE EDICION
Mención de edición S.E.
260 ## - PUBLICACIÓN, DISTRIBUCIÓN, ETC.
Lugar de publicación, distribución, etc. Chile
Nombre del editor, distribuidor, etc. ECHECOPAR, GERMAN; GHIRARDELLI, GIANFRANCO; JIMENEZ, GONZALO
Fecha de publicación, distribución, etc. 2011
260 ## - PUBLICACIÓN, DISTRIBUCIÓN, ETC.
Lugar de publicación, distribución, etc. SANTIAGO DE CHILE
Nombre del editor, distribuidor, etc. ANDRES BELLO
300 ## - DESCRIPCIÓN FÍSICA
Extensión 125
650 ## - PUNTO DE ACCESO ADICIONAL DE MATERIA--TÉRMINO DE MATERIA
Término de materia o nombre geográfico como elemento de entrada ADMINISTRACION
650 ## - PUNTO DE ACCESO ADICIONAL DE MATERIA--TÉRMINO DE MATERIA
Término de materia o nombre geográfico como elemento de entrada ECONOMIA
942 ## - ELEMENTOS DE ENTRADA SECUNDARIOS (KOHA)
Tipo de ítem Koha Libros
Existencias
Estatus retirado Estado de pérdida Estado de daño No para préstamo Biblioteca de origen Biblioteca actual Fecha de adquisición Coste, precio normal de compra Total de préstamos Código de barras Copia número Nota pública
        ESCUELA DE NEGOCIOS ESCUELA DE NEGOCIOS 28/05/2014 21.00   CP-14687 1 COMPRA

Copyright 2025 ESPOL. Todos los derechos reservados.